000
00323nam a22001457a 4500
008
221014b ||||| |||| 00| 0 eng d
020
_a
9780205140633
041
_a
eng
080
_a
610.73
082
_a
610.73SOM
100
_a
61
101
_a
MJEK
245
_a
THERAPEUTIC INTERVIEWING
_c
SOMMERS J
942
_2
udc
_c
BK
999
_c
58564
_d
58564